Βασικές αρχές τεχνολογίας λογισμικού / (Record no. 9819)
[ view plain ]
| 000 -LEADER | |
|---|---|
| fixed length control field | 02196nam a22003137a 4500 |
| 003 - ΤΑΥΤΟΤΗΤΑ ΤΟΥ ΑΡΙΘΜΟΥ ΕΛΕΓΧΟΥ | |
| Πεδίο ελέγχου | GR-AtMCL |
| 005 - ΗΜΕΡΟΜΗΝΙΑ ΚΑΙ ΩΡΑ ΤΕΛΕΥΤΑΙΑΣ ΕΝΗΜΕΡΩΣΗΣ | |
| Πεδίο ελέγχου | 20250724114918.0 |
| 006 - FIXED-LENGTH DATA ELEMENTS--ADDITIONAL MATERIAL CHARACTERISTICS | |
| Πεδίο ελέγχου σταθερού μήκους | a|||||r||||||||||| |
| 008 - FIXED-LENGTH DATA ELEMENTS--GENERAL INFORMATION | |
| Πεδίο ελέγχου σταθερού μήκους | 130124s2009||||gr |||e b||| 001 gre u |
| 020 ## - ISBN | |
| ISBN | 9789604612208 |
| 040 ## - ΠΗΓΗ ΚΑΤΑΛΟΓΟΓΡΑΦΗΣΗΣ | |
| Φορέας πρωτότυπης καταλογογράφησης | |
| Γλώσσα καταλογογράφησης | Ελληνικά, Μοντέρνα (1453-) |
| Modifying agency | MC Athens Campus Library |
| Κανόνες περιγραφικής καταλογογράφησης | AACR2 |
| 041 1# - ΓΛΩΣΣΑ | |
| Κωδικός γλώσσας πρωτότυπου | Αγγλικά |
| 100 ## - MAIN ENTRY--PERSONAL NAME | |
| Personal name | Sommerville, Ian, |
| Dates associated with a name | 1951- |
| 245 10 - ΤΙΤΛΟΣ ΚΑΙ ΔΗΛΩΣΗ ΥΠΕΥΘΥΝΟΤΗΤΑΣ | |
| Τίτλος | Βασικές αρχές τεχνολογίας λογισμικού / |
| Statement of responsibility, etc. | Ian Sommerville ; μετάφραση Δημήτρης Τσιλογιάννης |
| 250 ## - EDITION STATEMENT | |
| Edition statement | 8η αγγλ. έκδ. |
| 260 ## - PUBLICATION, DISTRIBUTION, ETC. | |
| Place of publication, distribution, etc. | Αθήνα : |
| Name of publisher, distributor, etc. | Κλειδάριθμος, |
| Date of publication, distribution, etc. | c2009 |
| 300 ## - PHYSICAL DESCRIPTION | |
| Extent | 957σ. ; |
| Διαστάσεις | 24εκ. |
| 500 ## - GENERAL NOTE | |
| Γενική σημείωση | Ευρετήριο: σ. 939-957 |
| 500 ## - GENERAL NOTE | |
| Γενική σημείωση | Τίτλος πρωτοτύπου: Software Enginneering |
| 500 ## - GENERAL NOTE | |
| Γενική σημείωση | Το έργο αποτελεί μετάφραση της 8ης αγγλικής έκδοσης |
| 504 ## - ΣΗΜΕΙΩΣΗ ΒΙΒΛΙΟΓΡΑΦΙΑΣ κλπ. | |
| Σημείωση βιβλιογραφίας, κλπ. | Βιβλιογραφία: σ. 919-938 |
| 520 ## - SUMMARY, ETC. | |
| Summary, etc. | Περιλαμβάνει τις τελευταίες εξελίξεις στη θεωρία και την πρακτική εφαρμογή της τεχνολογίας λογισμικού, σε συνδυασμό με σχετικά θέματα της τεχνολογίας συστημάτων (systems engineering). -Εκτενής κάλυψη ευέλικτων μεθόδων (agile methods) και επαναχρησιμοποίησης (reuse). -Συνδυασμένη κάλυψη προστασίας, ασφάλειας, και αξιοπιστίας συστημάτων-παρουσίαση βέλτιστων πρακτικών στην ανάπτυξη κρίσιμων συστημάτων. -Δύο εξελισσόμενες περιπτωσιολογικές μελέτες (ένα πληροφοριακό σύστημα και ένα σύστημα ελέγχου) που επιδεικνύουν τα διαφορετικά στάδια του κύκλου ζωής λογισμικού. |
| 650 07 - SUBJECT ADDED ENTRY--TOPICAL TERM | |
| Topical term or geographic name entry element | Τεχνολογία λογισμικού |
| 650 00 - SUBJECT ADDED ENTRY--TOPICAL TERM | |
| Topical term or geographic name entry element | Πληροφορική |
| 9 (RLIN) | 9850 |
| 650 00 - SUBJECT ADDED ENTRY--TOPICAL TERM | |
| Topical term or geographic name entry element | Computing |
| 9 (RLIN) | 9851 |
| 700 1# - ΠΡΟΣΘΕΤΗ ΑΝΑΓΡΑΦΗ--ΦΥΣΙΚΟ ΠΡΟΣΩΠΟ | |
| Personal name | Τσιλογιάννης, Δημήτρης |
| Σχέση | Μεταφραστής |
| 942 ## - ADDED ENTRY ELEMENTS (KOHA) | |
| Koha item type | Books |
| Τύπος τεκμηρίου | Βιβλιοθήκη | Τρέχουσα τοποθεσία | Αριθμός εισαγωγής | Ημερομηνία απόκτησης | Ταξιθετικό σύμβολο | Αριθμός αντιτύπου | Κατάσταση απόσυρσης | Κατάσταση χαμένου | Κατάσταση κατεστραμμένου | Μη δανεισμός | Σύνολο δανεισμών | Ημερομηνία τελευταίας εμφάνισης | Η τιμή ισχύει από |
|---|---|---|---|---|---|---|---|---|---|---|---|---|---|
| Books | MC Athens Campus Library | MC Athens Campus Library | 8111 | 24/07/2025 | 005.1 SOM | 1 | 24/07/2025 | 24/07/2025 |